<?xml version="1.0" encoding="UTF-8"?>
<marc:record xmlns:marc="http://www.loc.gov/MARC21/slim">
   <marc:leader>00000nam a2200000 a 4500</marc:leader>
   <marc:datafield ind1="1" ind2=" " tag="100">
      <marc:subfield code="a">M'Barek, Elyas</marc:subfield>
   </marc:datafield>
   <marc:datafield ind1="1" ind2=" " tag="100">
      <marc:subfield code="a">Preuß, Josefine</marc:subfield>
   </marc:datafield>
   <marc:datafield ind1="1" ind2=" " tag="100">
      <marc:subfield code="a">Kavanian, Rick</marc:subfield>
   </marc:datafield>
   <marc:datafield ind1="1" ind2=" " tag="100">
      <marc:subfield code="a">Baynham, Peter</marc:subfield>
   </marc:datafield>
   <marc:datafield ind1="1" ind2=" " tag="100">
      <marc:subfield code="a">Tartakovsky, Genndy</marc:subfield>
   </marc:datafield>
   <marc:datafield ind1="0" ind2="0" tag="245">
      <marc:subfield code="a">Hotel Transsilvanien 1</marc:subfield>
   </marc:datafield>
   <marc:datafield ind1="0" ind2="0" tag="245">
      <marc:subfield code="b">Wo Monster ihren wohlverdienten Urlaub machen</marc:subfield>
   </marc:datafield>
   <marc:datafield ind1="0" ind2="0" tag="245">
      <marc:subfield code="c">Regie: Genndy Tartakovsky. Drehb.: Peter Baynham ... Musik: Ramin Djawadi ... Stimmen: Rick Kavanian ; Josefine Preuß ; Elyas M'Barek ...</marc:subfield>
   </marc:datafield>
   <marc:datafield ind1=" " ind2="1" tag="264">
      <marc:subfield code="a">München</marc:subfield>
      <marc:subfield code="b">Sony Pictures Home Entertainment</marc:subfield>
      <marc:subfield code="c">2013</marc:subfield>
   </marc:datafield>
   <marc:datafield ind1="1" ind2=" " tag="520">
      <marc:subfield code="a">"Der berüchtigte Graf Dracula hat sich in den Tiefen der Karpaten eine Welt aufgebaut, in der Monster, ungestört von den nervigen Menschen, auch wirkliche Monster sein können: das 'Hotel Transsilvanien'. Anlässlich des 118. Geburtstages seiner überaus liebreizenden Tochter Mavis lädt der Graf die berühmtesten Monster der Welt ein, um dieses Ereignis gebührend zu feiern. Mavis' einziger Wunsch besteht jedoch darin, in die Welt hinauszufliegen und Abenteuer zu erleben; für den treu sorgenden Papa undenkbar, lauern doch überall Gefahren. Als dann auch noch der Menschenjüngling Jonathan zufällig ins Hotel stolpert und Mavis schöne Augen macht, ist das Chaos vorprogrammiert" (J. Heller, IN-G 46/12). - Wunderbar skurrile Figuren, eine witzige Geschichte mit viel Wiedererkennungswert für die Zuschauer sowie bekannte Schauspieler wie Rick Kavanian, Josefine Preuß oder Elyas M'Barek als Synchronsprecher machen den Animationsfilm zu einer runden Sache. (Sprachen: D, GB, TR; UT: D, GB, TR; Making-of; Audiokommentar; nicht verwendete Szenen; Hintergrundinformationen; Featurettes; Kurzfilm; Musikvideo; Spiele)</marc:subfield>
   </marc:datafield>
   <marc:datafield ind1=" " ind2=" " tag="020">
      <marc:subfield code="a">4030521730151</marc:subfield>
      <marc:subfield code="9">4030521730151</marc:subfield>
   </marc:datafield>
   <marc:datafield ind1="0" ind2=" " tag="490">
      <marc:subfield code="v">0</marc:subfield>
   </marc:datafield>
   <marc:datafield ind1=" " ind2=" " tag="300">
      <marc:subfield code="a">88 Min.</marc:subfield>
   </marc:datafield>
</marc:record>
